000 00711nam a2200301Ia 4500
005 20260330160902.0
008 008 300114s9999 xx 000 0 eng d
020 _a9789353167318
037 _aEBOOK
040 _aCRL
040 _beng
040 _cCRL
041 _2eng
041 _aeng
084 _qCRL
100 _aM Y Khan
_91232239
245 0 _aIndian Financial System
250 _a11
260 _bMcgraw Hill
260 _c2019
365 _aINR
365 _b73500
650 _aAccounting & Finance
856 _uhttps://resolver.vitalsource.com/9789353167318/?brand=mcgrawhillindia.vitalsource.com
942 _cEBOOK
999 _c1844135
_d1844135